000 01059nam a2200301 i 4500
001 000016318
003 DO-SdBNP
005 20250808143834.0
007 ta
008 100303s2002 dr a r 000 0 spa d
040 _aDO-SdBNP
_bspa
_cBNPHU
_erda
041 _aspa
082 4 _a352.2
_bT233a
_222
100 1 _aTaveras Waldys,
_d1954-
_eautor
_4aut.
_936417
245 1 4 _aLos ayuntamientos :
_borganización y atribuciones /
_cWaldys Taveras.
264 1 _aSanto Domingo :
_bPrisma Advertising,
_c2002.
300 _a139 páginas :
_bilustraciones ;
_c22 cm.
336 _atexto
_btxt
_2rdacontent
337 _asin mediación
_bn
_2rdamedia
338 _avolumen
_bnc
_2rdacarrier
500 _aIncluye datos biográficos del autor en la contracubierta
590 _aInventariado, 2025/BT
650 4 _aAyuntamientos
_963508
_z República Dominicana
650 4 _aGobierno municipal
_917207
_z República Dominicana
650 4 _aAdministración pública
_99266
_z República Dominicana
910 _aValidado. Control de calidad/MAA
942 _2ddc
_cLBS1
999 _c15853
_d15853